000 00719nas a22002417a 4500
003 MX-LbUP
005 20260522081409.0
008 211019c1997 mx qr|p| |||| 00| 0 spa d
022 _a2007-0977
040 _aUNAMX
_cMX-LbUP
041 _aspa
050 1 4 _aQ4
_bT46
210 1 _aTemas cienc. tecnol.
222 0 _aTemas de ciencia y tecnología
245 0 0 _aTemas de ciencia y tecnología.
264 _aHuajuapan de León, Oax. :
_bUniversidad Tecnológica de la Mixteca,
_c1997-
310 _aTrimestral
362 1 _aEmpezó con: vol. 1, no. 1 publicado en 1997
650 4 _aCiencia
_91546
650 0 _aTecnología
_91308
710 2 _aUniversidad Tecnológica de la Mixteca
_97420
942 _2lcc
_cRV
_s1
999 _c5424
_d5424